000 00587nam a2200229Ia 4500
003 OSt
005 20220918200804.0
006 a|||||r|||| 00| 0
007 ta
008 220917b |||||||| |||| 00| 0 eng d
024 _a90,226
037 _cTextual
040 _aARTS
_cARTS
_beng
041 _2eng
_aeng
082 _aU6425.6.92, H7 (TU)
100 _aJohnston J
_995510
245 0 _aInland navigation on the gangetic rivers
260 _c1947
650 _aGEOGRAPHY
942 _hU6425.6.92, H7 (TU)
_cTEXL
_2CC
999 _c213893
_d213893